Tuesdays with Morrie (Record no. 1963)

MARC details
000 -LEADER
fixed length control field 00376nam a2200145Ia 4500
008 - FIXED-LENGTH DATA ELEMENTS--GENERAL INFORMATION
fixed length control field 230312s9999||||xx |||||||||||||| ||und||
082 ## - DEWEY DECIMAL CLASSIFICATION NUMBER
Classification number 378.12092
Item number ALB
100 ## - MAIN ENTRY--PERSONAL NAME
Personal name Albom Mitch
245 #0 - TITLE STATEMENT
Title Tuesdays with Morrie
260 ## - PUBLICATION, DISTRIBUTION, ETC.
Name of publisher, distributor, etc. Hodder Australia
Place of publication, distribution, etc. Australia
Date of publication, distribution, etc. 1998
300 ## - PHYSICAL DESCRIPTION
Extent 192
546 ## - LANGUAGE NOTE
Language note Eng.
650 ## - SUBJECT ADDED ENTRY--TOPICAL TERM
Topical term or geographic name entry element Management
Form subdivision Curriculum , Syllabus , Audiovisual
942 ## - ADDED ENTRY ELEMENTS (KOHA)
Koha item type BOOK
Holdings
Withdrawn status Lost status Source of classification or shelving scheme Damaged status Not for loan Home library Current library Date acquired Total Checkouts Full call number Barcode Date last seen Price effective from Koha item type
    Dewey Decimal Classification     Superior Information Resource Center (SIRC) Superior University- Central Library Superior Information Resource Center (SIRC) Superior University- Central Library 03/13/2023   378.12092 ALB 1973 03/13/2023 03/13/2023 BOOK

Powered by Koha